01244cam a22003011i 450000100090000000300090000900500170001800800410003503500190007604000480009504300120014308200200015510000430017524500510021826400480026930000400031733600260035733700280038333800270041150400520043860000870049065000760057765100630065365500170071694200120073399900170074595201800076210312287EG-ScBUE20240626092157.0741024s1962 nyua f b 001 0 eng d a(OCoLC)1051608 aDLCbengerdacTxU-DadOCoLCdDLCdEG-ScBUE af-ua---04a962.03222bHER1 aHerold, J. Christopher,eauthor.9942710aBonaparte in Egypt/cby J. Christopher Herold. 1aNew York :bHarper & Row Publishers,c1962. a424 pages :billustrations ;c25 cm 2rdacontentatextbtxt aunmediated2rdamediabn avolumebnc2rdacarrier aIncludes bibliographical references and index. 07aNapoleonbI,cEmperor of the French,d1769-1821xMilitary leadership.2BUEsh99428 7aSecond Coalition, War of the, 1798-1801xCampaignszEgypt.2BUEsh99429 7aEgyptxHistoryyFrench occupation, 1798-1801.2BUEsh99430 vReading book 2ddccBB c12930d12930 00102ddc40708Donation-GaMAINbMAINc2NDd2009-11-18eDonationl3m14o962.03 HERp000018996r2025-07-15 00:00:00s2013-11-14w2009-11-18yBBzDonated by: Alaa Abdel Ghany